Історія українців Канади (Запис № 580041)

МАРК-запис
000 -Лідер
fixed length control field 00822 a2200217 4500
003 - Ідентифікатор контрольного номера
control field UA-OsUOA
005 - Дата та час останнього входження (трансакції)
control field 20260311115540.0
008 - Елементи даних фіксованої довжини – загальна інформація
fixed length control field 260311b un ||||| |||| 00| 0 ukr d
020 ## - Міжнародний стандартний книжковий номер (ISBN)
Міжнародний стандартний книжковий номер (ISBN) (НП) 1550561022
040 ## - Джерело каталогізації
Агенція оригінальної каталогізації UA-OsUOA
Мова каталогізації ukr
Агенція, яка здійснювала перезапис UA-OsUOA
Агенція, яка здійснювала модифікацію UA-OsUOA
080 ## - Індекс Універсальної десяткової класифікації
Індекс Універсальної десяткової класифікації (УДК) (НП) 94(477).152
090 ## - Локальний шифр розміщення
Класифікаційний індекс УДК 94(477).152
Авторський знак (НП) М29
100 ## - Основне введення – ім’я особи
Ім’я особи (НП) Марунчак М.
9 (RLIN) 24390
245 ## - Відомості про назву
Назва (НП) Історія українців Канади
Решта назви (НП) Михайло Г. Марунчак
Номер частини/ розділу роботи (П) Том II
260 ## - Публікація, розповсюдження і т.п. (Вихідні дані)
Ім’я/ наймення видавництва, розповсюджувача і т.п. (П) Накладом Української Вільної Академії Наук в Канаді
Дата публікації, розповсюдження і т.п. (П) 1991
Місце публікації, розповсюдження і т.п. (П) Вінніпеґ
300 ## - Фізичний опис
Обсяг 512 с.
650 ## - Додаткове предметне введення – тематичний термін
Джерело заголовка чи терміна UDC
Тематичний термін чи географічна назва, як елемент введення (НП) Українці за межами України
9 (RLIN) 24391
942 ## - Додаткові елементи входу (Коха)
Тип елемента Koha Книги
Source of classification or shelving scheme Universal Decimal Classification
955 ## - Код типу видання за змістом
Код типу видання за змістом (НП) Наукові видання
Фонди
Стан вилучень Стан втрат Джерело класифікації або схеми стелажів Стан уражень Не для кредиту Код колекції Постійне місце розташування Поточне розміщення Дата придбання Джерело придбання Вартість, звичайна ціна покупки Інвентарний номер Усього замовленно Повний номер виклику Штрих-код Дата останнього перегляду Вартість, ціна заміни Ціна ефективна від Тип елемента Koha Примітка, призначена для загального доступу
    Universal Decimal Classification     Колекція Української вільної академії наук у Канаді Наукова бібліотека ІДУД Наукова бібліотека ІДУД 10/12/2025 №1/16.01.2025 (ІДУД) 1.00 300165   94(477).152 М29 300165 11/03/2026 1.00 10/12/2025 Книги Книгу отримано в дар від Романа Єринюка